| 000 | 01011nam a2200289Ia 4500 | ||
|---|---|---|---|
| 003 | GCL | ||
| 008 | 140319s9999 xx 000 0 ara d | ||
| 020 | _a5099305977 | ||
| 040 |
_aGCL / _cGCL |
||
| 082 | 0 | 4 |
_a155.4 _bو م |
| 100 | 1 | _aمحمد عبدالظاهر الطيب | |
| 245 | 1 | 0 |
_aمخاوف الاطفال / _cمحمد عبدالظاهر الطيب |
| 700 | 1 | _aعبدالعزيز القوصى | |
| 700 | 1 | _aوولمان، ب . ب | |
| 260 |
_aالقاهرة : _bمكتبة الانجلوالمصرية ، _c2006 |
||
| 300 |
_a184 ص ؛ _c24 سم |
||
| 650 | 0 | 4 | _aالشجاعة |
| 650 | 0 | 4 | _aالقلق (علم نفس) |
| 650 | 0 | 4 | _aالاطفال - تربية |
| 650 | 0 | 4 | _aالاطفال، علم نفس |
| 650 | 0 | 4 | _aالخوف ( علم نفس الطفل ) |
| 650 | 0 | 4 | _aالاطفال - صحة نفسية - الخوف |
| 650 | 0 | 4 | _aالاطفال - مخاوف |
| 650 | 0 | 4 | _aالاطفال - رعاية صحية |
| 650 | 0 | 4 | _aالاطفال - صحة نفسية |
| 942 |
_2ddc _cBK |
||
| 999 |
_c9810 _d9810 |
||